书目信息 |
| 题名: |
城市设计与历史文脉
|
|
| 作者: | 蔡青 著 | |
| 分册: | ||
| 出版信息: | 北京 中央编译出版社 2017.07 |
|
| 页数: | 304页 | |
| 开本: | 24cm | |
| 丛书名: | ||
| 单 册: | ||
| 中图分类: | TU984.21 | |
| 科图分类: | ||
| 主题词: | 城市建设--城市史--研究--北京 | |
| 电子资源: | ||
| ISBN: | 978-7-5117-3316-0 | |
| 000 | 01832nam0 2200253 450 | |
| 001 | 927 | |
| 005 | 20180926161820.00 | |
| 010 | @a978-7-5117-3316-0@dCNY68.00 | |
| 100 | @a20171018d2017 em y0chiy50 ea | |
| 101 | 0 | @achi |
| 102 | @aCN@b110000 | |
| 105 | @aa z 000yy | |
| 200 | 1 | @a城市设计与历史文脉@9cheng shi she ji yu li shi wen mai@e从艺术视角审视北京历史城区的变迁@dUrban design and urban context@ethe review of the transformation in Beijing historical districts from artistic perspective@f蔡青著@zeng |
| 210 | @a北京@c中央编译出版社@d2017.07 | |
| 215 | @a304页@c图,照片@d24cm | |
| 314 | @a蔡青,男,1997年毕业于中央工艺美术学院(清华大学美术学院)环境艺术专业,后毕业于天津大学建筑学院,获博士学位。先后就职于中央工艺美术学院环境艺术研究没计所及清华大学清华工美环境艺术没计所,现任清华大学清尚环艺建筑设计院主任设计师,主要从事公共建筑室内设计及景观环境艺术设计。现为中同注册高级室内建筑师、高级工艺美术师、全国资深室内建筑师、中国美术家协会北京分会会员、中国建筑学会室内建筑师分会会员。 | |
| 330 | @a全书构建了一个新视角,来审视和发掘城市的多维艺术价值,为其多样、持续的发展提供依据,并在全书结束前用一章的篇幅提出了作者对城市建设实践的建议。明显不同于怀旧式文保研究的是,作者没有将现代化演变与西方建设元素的输入作为负面因素,相反,他认为中外文化交流应该是一个对比过程,而不是大量复制的同质化;作者主张对城市传统文化再塑造、再定位,试图为城市艺术设计的发展探索一条传统与现代兼容之道。 | |
| 510 | 1 | @aUrban design and urban context@ethe review of the transformation in Beijing historical districts from artistic perspective@zeng |
| 517 | 1 | @a从艺术视角审视北京历史城区的变迁@9cong yi shu shi jue shen shi bei jing li shi cheng qu de bian qian |
| 606 | 0 | @a城市建设@x城市史@x研究@y北京 |
| 690 | @aTU984.21@v5 | |
| 701 | 0 | @a蔡青@9cai qing@4著 |
| 801 | 0 | @aCN@b91MARC@c20171018 |
| 905 | @aMuseLib@dTU984.21@e1435 | |
| 城市设计与历史文脉:从艺术视角审视北京历史城区的变迁=Urban design and urban context:the review of the transformation in Beijing historical districts from artistic perspective/蔡青著.-北京:中央编译出版社,2017.07 |
| 304页:图,照片;24cm |
| ISBN 978-7-5117-3316-0:CNY68.00 |
| 全书构建了一个新视角,来审视和发掘城市的多维艺术价值,为其多样、持续的发展提供依据,并在全书结束前用一章的篇幅提出了作者对城市建设实践的建议。明显不同于怀旧式文保研究的是,作者没有将现代化演变与西方建设元素的输入作为负面因素,相反,他认为中外文化交流应该是一个对比过程,而不是大量复制的同质化;作者主张对城市传统文化再塑造、再定位,试图为城市艺术设计的发展探索一条传统与现代兼容之道。 |
| ● |
| 相关链接 |
|
|
|
|
正题名:城市设计与历史文脉
索取号:TU984.21/1435
 
预约/预借
| 序号 | 登录号 | 条形码 | 馆藏地/架位号 | 状态 | 备注 |
| 1 | 1120354 | 211203543 | 第二样本阅览室/ [索取号:TU984.21/1435] | 在馆 | |
| 2 | 1120355 | 211203552 | 第三借阅区/ [索取号:TU984.21/1435] | 在馆 | |
| 3 | 1120356 | 211203561 | 第三借阅区/ [索取号:TU984.21/1435] | 在馆 | |
| 4 | 1120357 | 211203570 | 第三借阅区/ [索取号:TU984.21/1435] | 在馆 | |
| 5 | 1120358 | 211203589 | 密集书库-资源管理系/ [索取号:TU984.21/1435] | 在馆 |